| 000 | 00953 a2200181 4500 | ||
|---|---|---|---|
| 003 | Nust | ||
| 005 | 20221221094308.0 | ||
| 020 | _a0195792769 | ||
| 040 | _cNust | ||
| 082 | _a320.95491,ZIR | ||
| 100 |
_aZiring, Lawrence _946682 |
||
| 245 |
_aPakistan in the twentieth century : a political history, _b a political history / _c Lawrence Ziring |
||
| 260 |
_aKarachi _bOxford _c2000 |
||
| 300 | _a645:P.; | ||
| 505 | _aBefore the Beginning (Page-1), The Formation of Pakistan (Page-23), The Agony of Partition (Page-54), The Pitfalls of Constitution Making (Page-54), The Failure of Conventional Political (Page-146), The Coming of Martial Law (Page-200), The Ayub Khan Era (Page-251), The Dismemberment of Pakistan (Page-317), The Bhutto Legacy (Page-371), The Ziaul Haq Decade (Page-423), Democracy Revisited (Page-503), The End of Beginning (Page-548), The Meaning of History (Page-605). | ||
| 650 | _aPakistan | ||
| 942 |
_2ddc _cBK _k320.95491,ZIR |
||
| 999 |
_c185065 _d185065 |
||